Responses for Show #4171 - Monday, October 21, 2002

(Jimmy: There's something fishy going on, today on Jeopardy!)

Contestants

[<< previous game]

Ben Whitlock, a surveyor and musician from Winchester, Virginia

Matt Moline, a technology consultant from Los Angeles, California

Lisa Caucci, an administrative manager from Atlanta, Georgia (whose 1-day cash winnings total $20,801)

[next game >>]

Jeopardy! Round responses

THE LAST BOY SCOUT
LOOK WHO'S TALKING
PULP FICTION
(Alex: Hey, there's a theme building!)
UNBREAKABLE
THE "FIFTH" ELEMENT
(Alex: The link...)
BRUCE WILLIS
    $200 26
Eagle Scout

Matt
    $200 16
John Wilkes Booth

Matt
    $200 21
William Shatner

Matt
    $200 8
lock box

Lisa
    $200 3
Fifth Avenue

Ben
    $200 1
(Ben: Who is Melanie Griffith?)

Demi Moore

MattBen
    $400 27
Norman Rockwell

Lisa
    $400 17
Louis XIV

Lisa
    $400 22
Anne Rice

Ben
    $400 9
Wolverine

Matt
    $400 4
fifth position

Matt
    $400 2
Die Hard

Ben
    $600 28
tree

Matt
    $600 18
Mae West

Ben
    $600 23
Thomas Harris

Matt
    $600 10
(Lisa: What is Teflon?)

Kevlar

LisaBen
    $600 13
the fifth book of the Bible

Matt
    $600 5
Moonlighting

Matt
    $800 29
Boys Life

Lisa
    $800 19
Voltaire

Lisa
    $800 24
Jackie Collins

Matt
    $800 11
AT&T

Ben
    $800 14
(Lisa: What is the Fifth Estate?)

Fifth Republic

Lisa
Triple Stumper
    $1,200 6
Armageddon

Matt
    $1000 30
Saint George

Ben
    $1000 20
King Charles II

Triple Stumper
    $1000 25
(Alex: With a minute to go now.)

"The First Wives Club"

Matt
    $1000 12
Perseus

Matt
    $1000 15
fifth column

Triple Stumper
    $1000 7
(Matt: What is "First Date?")

Blind Date

Matt
Triple Stumper

Scores at the first commercial break (after clue 15):

Lisa Matt Ben
-$1,200 $3,400 $1,800

Scores at the end of the Jeopardy! Round:

Lisa Matt Ben
$1,200 $7,000 $3,800

Double Jeopardy! Round responses

COMPOSERS
CANADIAN PROVINCES
DIRECT TV
10-LETTER WORDS
DON'T BE SUCH A HEDGEHOG
"UR" RIGHT
    $400 16
(Ben: Who is Beethoven?)

Johannes Brahms

Ben
Triple Stumper
    $400 9
(Ben: What is Nova Scotia?)
(Lisa: What is Newfoundland?)

Ontario

LisaBen
Triple Stumper
    $400 1
ER

Ben
    $400 2
(Matt: What is financial aid?)

fellowship

Matt
Triple Stumper
    $400 30
Sonic the Hedgehog

Matt
    $400 21
Ursa Major

Matt
    $800 17
Maurice Ravel

Ben
    $800 10
Quebec

Ben
    $800 7
(Matt: What is "Newhart?")

The Bob Newhart Show

LisaMatt
    $800 3
(Matt: What is cardboard?)

corrugated

MattBen
    $800 29
porcupines

Ben
    $800 22
(Matt: What is mercury?)

uranium

Matt
Triple Stumper
    $1200 18
(Ben: Who is Debussy?)

Peter Tchaikovsky

Ben
Triple Stumper
    $6,600 11
Nova Scotia

Ben
    $1200 8
"This Is Your Brain on Drugs"

Ben
    $1200 4
(Lisa: What is one-third?)

equivalent

Lisa
Triple Stumper
    $1200 26
colors

Matt
    $1200 23
(Alex: Minute to go now, Matt.)

Leon Uris

Triple Stumper
    $1600 19
Edward Elgar

Triple Stumper
    $1600 12
Prince Edward Island

Matt
    $1600 14
12 Angry Men

Ben
    $1600 5
fishmonger

Matt
    $1600 27
Titania

Triple Stumper
    $1600 24
Uriah

Matt
    $2,000 20
Edvard Grieg

Ben
    $2000 13
New Brunswick

Triple Stumper
    $2000 15
John Schlesinger

Lisa
    $2000 6
contingent

Triple Stumper
    $2000 28
Insectivores

Ben
    $2000 25
(Lisa: What is Sanskrit?)

Urdu

LisaMatt

Scores at the end of the Double Jeopardy! Round:

Lisa Matt Ben
$400 $13,000 $18,800

[wagering suggestions for these scores]

Final Jeopardy! Round responses

PEOPLE
(Alex: Narrows it down, doesn't it?)
(Alex: The words are from his song "Imagine".)
LisaWho is John Lennon?
$400
MattWho is Churchill
$1,000
BenWho is John Lennon
$7,201
John Lennon

Final scores:

Lisa Matt Ben
$800 $12,000 $26,001
3rd place: $1,000 2nd place: $2,000 New champion: $26,001

Game dynamics:

Coryat scores:

Lisa Matt Ben
$400 $12,600 $13,400
7 R,
5 W
21 R
(including 1 DD),
5 W
17 R
(including 2 DDs),
4 W

Combined Coryat: $26,400

[game clues] [game scores] [suggest correction]

Game tape date: 2002-07-23
The J! Archive is created by fans, for fans. Scraping, republication, monetization, and malicious use prohibited; this site may use cookies and collect identifying information. See terms. The Jeopardy! game show and all elements thereof, including but not limited to copyright and trademark thereto, are the property of Jeopardy Productions, Inc. and are protected under law. This website is not affiliated with, sponsored by, or operated by Jeopardy Productions, Inc. Join the discussion at JBoard.tv.